000 00730cab a2200229 4500
001 WB3411-52
008 090401t1998 xxu||||| |||| 00| 0 eng d
035 _a(Sirsi) u84978
041 _aeng
245 _aStatutory plans
260 _c1998
350 _a0
490 _aPlanning (for the Natural and Built Environment)
_v(1259) 13 March 1998, 1&2(1)
520 _aThe Countryside Commission is to get involved with the preparation of statutory development plans after a four year absence.
650 _aCOUNTRYSIDE COMMISSION
650 _aDEVELOPMENT PLANS
650 _aRURAL PLANNING POLICY
650 _aSTATUTORY DEVELOPMENT PLANS
690 _aPLANNING LAW AND PRACTICE
942 _n0
948 _c17/03/1998
999 _c53422
_d53422